[Event "SLO-chT U16 27th"]
[Site "Radenci"]
[Date "2024.05.26"]
[Round "5.3"]
[White "Mihic, Peter"]
[Black "Kaiser, Maksim"]
[Result "0-1"]
[WhiteElo "1604"]
[BlackElo "1596"]
[PlyCount "116"]
[EventDate "2024.05.24"]
[EventType "team-swiss"]
[EventRounds "5"]
[EventCountry "SLO"]
[SourceTitle "EXT 2025"]
[Source "ChessBase"]
[SourceDate "2024.10.14"]
[SourceVersion "1"]
[SourceVersionDate "2024.10.14"]
[SourceQuality "1"]
[WhiteTeam "Kocevje U16"]
[BlackTeam "Ptuj U16 II"]
[WhiteTeamCountry "SLO"]
[BlackTeamCountry "SLO"]

1. e4 e5 2. Nf3 Nc6 3. Bb5 Nge7 4. c3 g6 5. 0-0 Bg7 6. Re1 0-0 7. d4 exd4 8. cxd4 d5 9. e5 Bg4 10. Qd3 Bxf3 11. gxf3 Nf5 12. Bxc6 bxc6 13. Qc3 Qh4 14. f4 h5 15. h3 Bh6 16. Nd2 Kh7 17. Nf3 Qd8 18. Ng5+ Bxg5 19. fxg5 Qd7 20. Bf4 Rab8 21. b3 Rb6 22. Kh2 Rfb8 23. Rec1 a5 24. Rab1 a4 25. b4 Qe7 26. a3 Qd7 27. Rd1 Ra8 28. Rbc1 Raa6 29. Rd2 Ng7 30. Bg3 Qf5 31. Qd3 Qxg5 32. h4 Qf5 33. Qxf5 Nxf5 34. Bf4 Nxh4 35. Rd3 Nf5 36. Bg5 Ra8 37. Rdc3 Raa6 38. Rd3 Kg7 39. Bf6+ Kf8 40. Rg1 Ke8 41. Rc1 Kd7 42. Kg2 Ra8 43. Kf3 Rg8 44. Kf4 Ng7 45. Re1 Ne6+ 46. Kg3 g5 47. Rc1 h4+ 48. Kg4 Rg6 49. Re1 Nf4 50. Rf3 Ne6 51. Rd3 Rb8 52. Red1 Re8 53. Rh3 Reg8 54. Rd2 Rh6 55. Rd1 Nf4 56. Rh2 h3 57. Rd2 Rh4+ 58. Kf3 Ne6 0-1